000 00377nam a2200145Ia 4500
008 230917s9999||||xx |||||||||||||| ||und||
040 _e71290
_aMAIN
041 _aEnglish
082 _a944.035092 R549H:L
100 _aHampson, Norman
245 4 _aThe life and opinions of Maxmillan Rubespierre
260 _aLondon
_bDuckworth
_c1974
300 _axii, 313 p.
942 _cBK
999 _c36536
_d36536